000 00655nam a2200205Ia 4500
005 20250508165509.0
008 008 250505s9999 xx 000 0 eng d
020 _a978-81-321-4458-0
037 _aTextual
040 _aFEDL
_beng
_cFEDL
041 _aeng
_2eng
084 _a323.095 484, THO
_qFEDL
100 _aThomas K V
_938399
245 0 _aLeft-wing extremism and human rights: The role of civil liberties groups in Andhra Pradesh
260 _aNew Delhi, India
_bSage Publications India Pvt. Ltd.
_c2014
300 _axix, 287p.
365 _aINR
_b995
942 _cTEXL
_h323.095 484, THO
999 _c1395453
_d1395453